00872nam a2200217 u 4500001000500000005001700005008004100022035000900063035002100072040001300093041000800106082000800114100008500122245001900207260004300226300001800269520028900287650002400576650002800600650002600628129420260428103539.0950331s1969 spa  a1294 a(OCoLC)777972192 ccomduadb aspa 4a84310aVian, Boris Paul,d1920-19594aut0(isni)0000 0001 2020 73570(viaf)9983585eaut13aLa hierba roja aBarcelona :bEditorial Pomaire,c1969. a180 páginas3 a"La novela transcurre en un predio llamado el Cuadrado, un prado cubierto de hierba roja. El ingeniero Wolf junto a su ayudante, el mecánico Saphir Lazuli, han construido una Máquina que, trasladando a Wolf a distintos momentos de su pasado, le permitiría borrar sus recuerdos." aLiteratos franceses 7aAutores franceses2lemb 7aNovela francesa2lemb